000 00917nam a22002537a 4500
005 20100826122442.0
008 090109t xxu||||| |||| 00| 0urd d
010 _aUR-7997
020 _c151.00
035 _aU-6552
037 _bDBAD/PUB
040 _aDPL
_burdu
082 _a840.92
100 _912785
_aمحمد یعقو ب ا سلم
245 _aمٹی کی خو شبو /
_b
_cمحمد یعقو ب ا سلم
246 _aMitti Ki Khushboo
_bby Mohammad Yaqoob Aslam
260 _aو ا نم با ڈی
_c2010
_bتا ج پر نٹر س
270 _a 275, Mohammad Ali Bazar
_bDanam Badi
_k04174-227950
300 _a320 ص
_c22 س م (Hb)
650 _912786
700 _954088
942 _2ddc
_cUR
_h840.92
_mم ح م
999 _c71927
_d71927